| Tag |
First Indicator |
Second Indicator |
Subfields |
| LEADER |
00000cam a2200000 i 4500 |
| 001 |
in00003470813 |
| 005 |
20151206104434.0 |
| 008 |
780316s1976 enkad b 00100 eng d |
| 010 |
|
|
|a 75024822
|
| 020 |
|
|
|a 0080203078
|
| 035 |
|
|
|a (OCoLC)ocm03723497 820211
|
| 040 |
|
|
|a YUS
|c YUS
|d OCL
|d m.c.
|d TNY
|d UtOrBLW
|
| 090 |
|
|
|a TJ163.9
|b .P76
|
| 245 |
0 |
0 |
|a Pollution formation and destruction in flames /
|c edited by N.A. Chigier.
|
| 264 |
|
1 |
|a Oxford ;
|a New York :
|b Pergamon Press,
|c [1976]
|
| 264 |
|
4 |
|c ©1976
|
| 300 |
|
|
|a 219 pages :
|b illustrations, diagrams, graphs ;
|c 28 cm.
|
| 336 |
|
|
|a text
|b txt
|2 rdacontent
|
| 337 |
|
|
|a unmediated
|b n
|2 rdamedia
|
| 338 |
|
|
|a volume
|b nc
|2 rdacarrier
|
| 490 |
1 |
|
|a Progress in energy and combustion science ;
|v v.1
|
| 504 |
|
|
|a Includes bibliographical references and indexes.
|
| 650 |
|
0 |
|a Flame.
|
| 650 |
|
0 |
|a Combustion
|x Environmental aspects.
|
| 650 |
|
0 |
|a Air
|x Pollution.
|
| 700 |
1 |
|
|a Chigier, N. A.
|
| 830 |
|
0 |
|a Progress in energy and combustion science ;
|v v.1.
|
| 999 |
|
|
|a MARS
|
| 999 |
f |
f |
|s b0dce6a8-8a24-3924-8091-67c60cb39333
|i 0f0259a2-88e6-396e-b36a-6bf11b1f012d
|t 0
|
| 952 |
f |
f |
|p ric
|a Texas A&M University
|b Rellis Campus
|c Joint Library Facility
|d Remote Storage
|t 0
|e TJ163.9 .P76
|h Library of Congress classification
|i unmediated -- volume
|m 32060002032908
|
| 998 |
f |
f |
|a TJ163.9 .P76
|t 0
|l Remote Storage
|